000 00651nam a2200253Ia 4500
001 4580
005 20240113233745.0
007 ta
008 990101s a g b000 u hin u
020 _cHB
040 _aCotton College Assam
041 _ahin
082 _a891.432
_bM 277 Sr
100 _aMathur, Kisan Chandra .
245 0 _aSri Krishna Arjun Yudh /
_cKisan Chandra Mathur.
_hTextual Documents
250 _a1st ed. /
260 _aDelhi :
_bRatan & Co. ,
_cNd.
300 _a77p. :
_bill. ;
_c18cm .
653 _aHindi drama
653 _aGen-Hindi
942 _2ddc
_cBK
999 _c4567
_d4567